Verunreinigung der Atmosphäre in Kopisty bei Most in ausgewählten synoptischen Situationen

Bibliographic Details
Main Author: Papež, A. (Author)
Format: Article
Language:German

MARC

LEADER 00000nab a2200000uu 4500
001 vtls010900760
003 SK-MaSNL
005 20260303141823.0
008 230222|1972 xo |||||||||||||||||ger|
015 |a SNBRB 
035 |a (urnnbn)urn:nbn:sk:snk:ar-a07lzc 
035 |a (uuid)ba75b796-cbd5-42a7-9e14-e2566166fd05 
035 |a urn:nbn:sk:snk-ab8set 
040 |a SNKBUCL  |b slo  |c SNKBUCL  |e AACR2 
041 0 |a ger 
044 |a xo  |c SK 
100 1 |a Papež, A.  |4 aut  |9 1118100 
245 1 0 |a Verunreinigung der Atmosphäre in Kopisty bei Most in ausgewählten synoptischen Situationen  |c A. Papež 
773 0 |t Acta Facultatis rerum naturalium Universitatis Comenianae  |g Roč. 5, č. 5 (1972), s. 177-187 
958 |a OND 
958 |a EUIPO 
958 |a article10 
999 |c 1979032  |d 1980962